书目信息 |
| 题名: |
教育政策学
|
|
| 作者: | 袁振国 主编 | |
| 分册: | ||
| 出版信息: | 南京 江苏教育出版社 1998.01 |
|
| 页数: | 370页 | |
| 开本: | 32开 | |
| 丛书名: | ||
| 单 册: | ||
| 中图分类: | G46 | |
| 科图分类: | ||
| 主题词: | 教育行政 | |
| 电子资源: | ||
| ISBN: | 7-5343-2832-2 | |
| 000 | 00534nam0 2200193 45 | |
| 001 | 0011251582 | |
| 005 | 20001125165938.6 | |
| 010 | @a7-5343-2832-2@d17.60元 | |
| 100 | @a20001125d1998 km y0chiy0120 ea | |
| 101 | 0 | @achi |
| 105 | @a z 000yy | |
| 200 | 1 | @a教育政策学@AJiao Yu Zheng Ce Xue@f袁振国主编@FYuanZhen Guo Zhu Bian |
| 210 | @a南京@c江苏教育出版社@d1998.01 | |
| 215 | @a370页@d32开 | |
| 606 | 0 | @a教育行政 |
| 690 | @aG46@v3 | |
| 701 | 0 | @a袁振国@4主编 |
| 801 | @aCN@bPftUser@c20001125 | |
| 905 | @b504023-024@dG46@eY285@f2 | |
| 教育政策学/袁振国主编.-南京:江苏教育出版社,1998.01 |
| 370页;32开 |
| ISBN 7-5343-2832-2:17.60元 |
| ● |
| 相关链接 |
|
|
|
正题名:教育政策学
索取号:G46/Y285
 
预约/预借
| 序号 | 登录号 | 条形码 | 馆藏地/架位号 | 状态 | 备注 |
| 1 | 504023 | 205040230 | 社科库409/409社科库 4排2列1层/ [索取号:G46/Y285] | 在馆 | |
| 2 | 504024 | 205040249 | 社科库409/409社科库 4排2列1层/ [索取号:G46/Y285] | 在馆 |